Statistics for American Horror Story Actors and their Characters

Click here to take the quiz!

General Stats

  • This quiz has been taken 322 times
  • The average score is 33 of 59

Answer Stats

ActorHintAnswer% Correct
Evan PetersMurder HouseTate Langdon
94%
AsylumKit Walker
92%
AsylumLana Winters
91%
CovenKyle Spencer
85%
Taissa FarmigaMurder HouseViolet Harmon
85%
Jessica LangeMurder HouseConstance Langdon
84%
Freak ShowDot Tattler
83%
CovenCordelia Foxx
81%
CovenFiona Goode
81%
AsylumSister Jude
80%
Freak ShowElsa Mars
79%
Freak ShowBette Tattler
78%
HotelSally McKenna
78%
Freak ShowJimmy Darling
77%
Emma RobertsCovenMadison Montgomery
77%
CultKai Anderson
76%
CovenMisty Day
75%
HotelJames March
74%
CovenZoe Benson
74%
Sarah PaulsonMurder HouseBillie Dean Howard
73%
Frances ConroyMurder HouseMoira O'Hara
68%
AsylumSister Mary Eunice
67%
Freak ShowSister Mary Eunice
67%
Lady GagaHotelThe Countess
67%
CultAlly Mayfair-Richards
63%
HotelLiz Taylor
61%
Lily RabeMurder HouseNora Montgomery
61%
Kathy BatesCovenDelphine LaLaurie
60%
CovenMyrtle Snow
60%
Angela BassettCovenMarie Laveau
59%
CovenSpalding
54%
CovenNan
51%
RoanokeRory Monahan
51%
Freak ShowEthel Darling
48%
RoanokeShelby Miller
48%
RoanokeAudrey Tindall
47%
Freak ShowMaggie Esmerelda
47%
Jamie BrewerMurder HouseAdelaide Langdon
46%
RoanokeEdward Philippe Mott
46%
HotelIris
45%
Denis O'HareMurder HouseLarry Harvey
45%
RoanokeThe Butcher
43%
HotelAileen Wuornos
40%
Freak ShowDesiree Dupree
40%
Freak ShowGloria Mott
39%
Cheyenne JacksonHotelWill Drake
39%
Freak ShowStanley
38%
HotelRamona Royale
37%
RoanokeLee (reenactment)
31%
AsylumShachath
30%
RoanokeMama Polk
27%
RoanokeSophie Green
25%
CultBebe Babbitt
23%
RoanokeMonet Tumusiime
19%
Freak ShowMarjorie
18%
RoanokeElias Cunningham
17%
RoanokeSidney Aaron James
17%
CultDoctor Vincent
14%
CultSerina Belinda
6%

Score Distribution

Percentile by Number Answered

Percent of People with Each Score

Your Score History

You have not taken this quiz